Đánh giá hiệu quả mô hình liên kết trong khai thác hải sản xa bờ ở các tỉnh ven biển Đồng bằng sông Cửu Long : Báo cáo tổng kết đề tài khoa học và công nghệ cấp Trường

Nêu lên hiện trạng liên kết và hiệu quả sản xuất của nghề khai thác hải sản xa bờ, và phương án tổ chức sản xuất của nghề khai thác hải sản xa bờ tại địa bàn nghiên cứu.

Tallennettuna:
Bibliografiset tiedot
Päätekijä: Đặng, Thị Phượng
Aineistotyyppi: Kirja
Kieli:Undetermined
Julkaistu: Cần Thơ Trường Đại học Cần Thơ 2015
Aiheet:
Tagit: Lisää tagi
Ei tageja, Lisää ensimmäinen tagi!
Thư viện lưu trữ: Trung tâm Học liệu Trường Đại học Cần Thơ
LEADER 01299nam a2200241Ia 4500
001 CTU_210436
008 210402s9999 xx 000 0 und d
082 |a 338.3727 
082 |b Ph561 
088 |a T2014-38 
100 |a Đặng, Thị Phượng 
245 0 |a Đánh giá hiệu quả mô hình liên kết trong khai thác hải sản xa bờ ở các tỉnh ven biển Đồng bằng sông Cửu Long : 
245 0 |b Báo cáo tổng kết đề tài khoa học và công nghệ cấp Trường 
245 0 |c Đặng Thị Phượng (chủ nhiêm đề tài) 
260 |a Cần Thơ 
260 |b Trường Đại học Cần Thơ 
260 |c 2015 
520 |a Nêu lên hiện trạng liên kết và hiệu quả sản xuất của nghề khai thác hải sản xa bờ, và phương án tổ chức sản xuất của nghề khai thác hải sản xa bờ tại địa bàn nghiên cứu. 
650 |a Fishing,Fisheries,Đánh bắt cá,Thuỷ sản 
650 |x Economic aspects,Economic aspects,Khía cạnh kinh tế,Khía cạnh kinh tế 
904 |i Nguyễn Văn Môi,Qhieu 
915 |a TS 
980 |a Trung tâm Học liệu Trường Đại học Cần Thơ